| 000 | 01317nam a22002897a 4500 | ||
|---|---|---|---|
| 005 | 20120404120917.0 | ||
| 008 | 091109t xxu||||| |||| 00| 0 hin d | ||
| 010 | _a | ||
| 020 |
_a8170147271 _c105.00 |
||
| 035 | _aB-23215 | ||
| 037 | _b PUB | ||
| 040 |
_aDPL _bHN |
||
| 082 | _a330.1 | ||
| 100 |
_aधींगरा, ईश्वर _944758 |
||
| 245 |
_aआर्थिक प्रणालियाँ एवं सिद्धान्त / _cईश्वर धींगरा |
||
| 260 |
_aनई दिल्ली _bसुलतान चन्द एण्ड संस _c2000 |
||
| 270 |
_aअजमेरा बुक _bजयपुर _e302002 |
||
| 300 |
_a552पृ _c22सेमी (सजिल्द) |
||
| 650 |
_aउद्यमिता _xभारत _944732 |
||
| 700 |
_aरामचन्दानी, एच.के. _944733 |
||
| 700 |
_aशर्मा, के.सी. _944734 |
||
| 700 |
_aपारीक, के.एस. _944735 |
||
| 700 |
_aसक्सेना, स्नेह _944736 |
||
| 700 |
_aमेनन, सुभद्रा _944737 |
||
| 942 |
_2ddc _cHN _h330.1 _mधींगरा |
||
| 999 |
_c64688 _d64688 |
||